| 000 | 00511cam a22002171 4500 | ||
|---|---|---|---|
| 001 | sa 64005093 | ||
| 003 | DLC | ||
| 005 | 20260227112030.0 | ||
| 008 | 881102s1962 xx 000 0 hino | ||
| 010 | _asa 64005093 | ||
| 035 | _a(OCoLC)23546588 | ||
| 040 |
_aDLC _cMiU _dDLC |
||
| 042 | _apremarc | ||
| 050 | 0 | 0 |
_aPK2057 _b.P3 |
| 100 | 1 |
_aPāṇḍeya, Phūlacandra, _eed. |
|
| 245 | 1 | 0 | _aŚaṅkhanāda. |
| 260 | _c[1962] | ||
| 300 |
_a88 p. _c19 cm. |
||
| 500 | _aRomanized. | ||
| 650 | 0 | _aHindi poetry | |
| 999 |
_c58945 _d58945 |
||